00368nam a2200145Ia 450000500170000000800410001702000150005808200160007310000130008924500330010226000450013530000160018065000150019665000110021120240710061036.0240331s9999 xx 000 0 und d a0823225046 bBUTa170.42 aButler,J 0aGiving an account of oneself aNew YorkbFordham University Pressc2005 ax, 149 p ., aPhilosophy aEthics